00413nmm a2200157Ia 4500008004100000041000800041100001700049245002900066264004400095300001800139490001100157650001200168856005100180942000700231999001700238251105s9999||||xx |||||||||||||||||und|| aspa aCraven, Sara 0aEl final de la inocencia a[Madrid, España] :bHarlequin, c2012 a160 páginas aBianca aRomance uhttps://public.digitaliapublishing.com/a/50079 cCF c98596d98596